000 00639nam a2200229Ia 4500
003 OSt
005 20220928101617.0
006 a|||||r|||| 00| 0
007 ta
008 220927b |||||||| |||| 00| 0 eng d
024 _a44002
037 _cTextual
040 _aSDCL
_cSDCL
_beng
041 _2eng
_aeng
082 _aV252'J2<G, M3
100 _aSingh Dinesh Pratap
_9392546
245 0 _aDelhi sultano ke shasan mein Poorvi Uttar Pradesh
260 _aGorakh
_bPur Poorvanchal Prakashan
_c1983
300 _a101p
_ccm.
942 _hV252'J2<G, M3
_cTEXL
_2CC
999 _c708277
_d708277